Destinácia cestovného ruchu na medzinárodnom trhu v podmienkach prepojenia globálnej a lokálnej ekonomiky v doplnkových službách (na príklade Dunajskej cyklotrasy) dizertačná práca

Gespeichert in:
Bibliographische Detailangaben
1. Verfasser: Ondrášiková, Ľubica, 1961-
Körperschaft: Obchodná fakulta EU. Katedra služieb a cestovného ruchu - zrušené
Weitere Verfasser: Novacká, Ľudmila, 1953-
Format: Buch
Sprache:Slowakisch
Veröffentlicht: Bratislava 2016
Schlagworte:
Tags: Tag hinzufügen
Keine Tags, Fügen Sie das erste Tag hinzu!

MARC

LEADER 00000nbm a2200000 4500
001 0220361
005 20230227103109.5
041 0 |a slo 
044 |a SK 
245 1 0 |a Destinácia cestovného ruchu na medzinárodnom trhu v podmienkach prepojenia globálnej a lokálnej ekonomiky v doplnkových službách (na príklade Dunajskej cyklotrasy)  |b dizertačná práca  |c Ľubica Ondrášiková ; školiteľ: Ľudmila Novacká 
264 1 |a Bratislava  |c 2016 
300 |a 122 s. 
610 2 0 |a ruch cestovný 
610 2 0 |a trh medzinárodný 
610 2 0 |a služby 
610 2 0 |a turistika 
610 2 0 |a bicykle 
610 2 0 |a ekonomika regionálna 
100 1 |a Ondrášiková, Ľubica, 1961- 
700 1 |a Novacká, Ľudmila, 1953- 
710 2 |a Obchodná fakulta EU. Katedra služieb a cestovného ruchu - zrušené